000 00189 a2200097 4500
020 _a9788490323052
041 _aspa
100 _aStephen King
245 _aLa historia de Lisey
942 _cK
999 _c26329
_d26329